[Event "Novaya Ladoga"]
[Site "Novaya Ladoga"]
[Date "2008.07.08"]
[Round "8"]
[White "Hermanov, Alexander"]
[Black "Mishuchkov, Nikolai Mikhailovic"]
[Result "1/2-1/2"]
[WhiteElo "2295"]
[BlackElo "2371"]
[PlyCount "40"]
[EventDate "2008.07.01"]
[EventType "tourn"]
[EventRounds "9"]
[EventCountry "RUS"]
[EventCategory "3"]
[SourceTitle "CBM 125 Extra"]
[Source "ChessBase"]
[SourceDate "2008.09.01"]
[SourceVersion "1"]
[SourceVersionDate "2008.09.01"]
[SourceQuality "1"]

1. d4 Nf6 2. c4 e6 3. Nc3 d5 4. Bg5 Be7 5. cxd5 exd5 6. e3 c6 7. Bd3 h6 8. Bf4 0-0 9. Nf3 Re8 10. Qc2 Nbd7 11. 0-0 Nf8 12. Rab1 Nh5 13. Be5 f6 14. Bg3 Nxg3 15. hxg3 a5 16. a3 Be6 17. b4 axb4 18. axb4 b5 19. Qb2 Nd7 20. Ra1 Nb6 1/2-1/2

[Event "Novaya Ladoga"]
[Site "Novaya Ladoga"]
[Date "2008.07.01"]
[Round "1"]
[White "Hamitevici, Vladimir"]
[Black "Hermanov, Alexander"]
[Result "1-0"]
[WhiteElo "2347"]
[BlackElo "2295"]
[PlyCount "97"]
[EventDate "2008.07.01"]
[EventType "tourn"]
[EventRounds "9"]
[EventCountry "RUS"]
[EventCategory "3"]
[SourceTitle "CBM 125 Extra"]
[Source "ChessBase"]
[SourceDate "2008.09.01"]
[SourceVersion "1"]
[SourceVersionDate "2008.09.01"]
[SourceQuality "1"]

1. d4 f5 2. Nf3 Nf6 3. Bf4 e6 4. e3 b6 5. Nbd2 Bb7 6. Bd3 Be7 7. h3 Ne4 8. g4 Nxd2 9. Kxd2 0-0 10. gxf5 exf5 11. Rg1 Be4 12. Bxe4 fxe4 13. Ng5 Bxg5 14. Rxg5 d6 15. Qg4 Qd7 16. Qg2 Qe7 17. Rg1 Rf7 18. Rg4 Nd7 19. Bh6 g6 20. Bg5 Qf8 21. Ke1 d5 22. c3 Nf6 23. Bxf6 Rxf6 24. h4 Re8 25. h5 Ree6 26. Qh2 Qd6 27. Qh3 c6 28. Rh1 Qe7 29. Qh4 Qf7 30. Qh2 b5 31. b4 a6 32. Rhg1 Rf5 33. hxg6 Rxg6 34. Rxg6+ hxg6 35. Qh6 Rf6 36. Rh1 Qg7 37. Qg5 Rf5 38. Qd8+ Rf8 39. Qb6 Qf6 40. Rh2 Qg5 41. Qc7 Rf7 42. Qc8+ Rf8 43. Qh3 Kg7 44. Qh7+ Kf6 45. Qc7 Qg1+ 46. Ke2 Qg4+ 47. Kd2 Qe6 48. Rh7 Rg8 49. Rd7 1-0

[Event "Novaya Ladoga"]
[Site "Novaya Ladoga"]
[Date "2007.07.05"]
[Round "1"]
[White "Hermanov, Alexander"]
[Black "Shkuran, Danylo"]
[Result "1/2-1/2"]
[WhiteElo "2331"]
[BlackElo "2420"]
[PlyCount "37"]
[EventDate "2007.07.05"]
[EventType "tourn"]
[EventRounds "9"]
[EventCountry "RUS"]
[EventCategory "2"]
[SourceTitle "CBM 119 Extra"]
[Source "ChessBase"]
[SourceDate "2007.09.04"]
[SourceVersion "1"]
[SourceVersionDate "2007.09.04"]
[SourceQuality "1"]

1. d4 Nf6 2. c4 c5 3. d5 b5 4. cxb5 a6 5. bxa6 Bxa6 6. Nc3 g6 7. g3 d6 8. Bg2 Bg7 9. Nf3 0-0 10. 0-0 Nbd7 11. Rb1 Qa5 12. Qc2 Rab8 13. Bd2 Ng4 14. h3 Nge5 15. Nxe5 Nxe5 16. b3 Qa3 17. Bc1 Qa5 18. Bd2 Qa3 19. Bc1 1/2-1/2

[Event "Petrovskaya Ladya IM"]
[Site "Peterhof"]
[Date "2007.01.09"]
[Round "9"]
[White "Markosian, David S"]
[Black "Hermanov, Alexander"]
[Result "1/2-1/2"]
[WhiteElo "2336"]
[BlackElo "2346"]
[PlyCount "43"]
[EventDate "2007.01.03"]
[EventType "tourn"]
[EventRounds "11"]
[EventCountry "RUS"]
[EventCategory "1"]
[SourceTitle "CBM 116 Extra"]
[Source "ChessBase"]
[SourceDate "2007.03.07"]
[SourceVersion "1"]
[SourceVersionDate "2007.03.07"]
[SourceQuality "1"]

1. e4 c5 2. Nf3 d6 3. d4 cxd4 4. Nxd4 Nf6 5. Nc3 g6 6. Be3 Bg7 7. f3 Nc6 8. Qd2 0-0 9. Bc4 Bd7 10. h4 h5 11. 0-0-0 Rc8 12. Bb3 Ne5 13. Kb1 Re8 14. Nde2 a5 15. a4 b5 16. axb5 a4 17. Nxa4 Bxb5 18. Nec3 Bxa4 19. Nxa4 Rc6 20. Bd4 Qa8 21. Bxe5 dxe5 22. Nc3 1/2-1/2

[Event "UKR-ch sf"]
[Site "Alushta"]
[Date "2005.05.22"]
[Round "7"]
[White "Molchanov, Alexey"]
[Black "Hermanov, Alexander"]
[Result "0-1"]
[WhiteElo "2123"]
[BlackElo "2323"]
[PlyCount "70"]
[EventDate "2005.05.16"]
[EventType "swiss"]
[EventRounds "9"]
[EventCountry "UKR"]
[SourceTitle "CBM 106 Extra"]
[Source "ChessBase"]
[SourceDate "2005.07.01"]
[SourceVersion "1"]
[SourceVersionDate "2005.07.01"]
[SourceQuality "1"]

1. c4 f5 2. g3 Nf6 3. Bg2 e6 4. d4 d5 5. Nf3 c6 6. 0-0 Bd6 7. b3 Qe7 8. Nbd2 0-0 9. Ne5 b6 10. cxd5 exd5 11. Ndf3 Bb7 12. Bb2 Ne4 13. Rc1 f4 14. Nd2 c5 15. Nd3 fxg3 16. hxg3 Nd7 17. Nf3 Rae8 18. Nde5 Bxe5 19. Nxe5 Nxe5 20. dxe5 d4 21. b4 Qxe5 22. bxc5 bxc5 23. Qd3 Bd5 24. Bxe4 Bxe4 25. Qc4+ Bd5 26. Qd3 Qh5 27. f3 Re3 28. Qd2 Bb7 29. Rf2 Rfe8 30. Rcf1 Ba6 31. Re1 Qg6 32. g4 Qe6 33. Bc1 Bxe2 34. Qa5 Bxf3 35. Bxe3 Qxg4+ 0-1

[Event "UKR-ch sf"]
[Site "Alushta"]
[Date "2004.05.12"]
[Round "9"]
[White "Kononenko, Dmitry"]
[Black "Hermanov, Alexander"]
[Result "1/2-1/2"]
[WhiteElo "2457"]
[BlackElo "2273"]
[PlyCount "72"]
[EventDate "2004.05.04"]
[EventType "swiss"]
[EventRounds "9"]
[EventCountry "UKR"]
[SourceTitle "EXT 2005"]
[Source "ChessBase"]
[SourceDate "2004.11.15"]
[SourceVersion "1"]
[SourceVersionDate "2004.11.15"]
[SourceQuality "1"]

1. e4 e6 2. d4 d5 3. e5 c5 4. c3 Qb6 5. Nf3 Bd7 6. a3 Nc6 7. b4 cxd4 8. cxd4 Rc8 9. Bb2 Na5 10. Nbd2 Nc4 11. Nxc4 dxc4 12. Rc1 Qa6 13. d5 exd5 14. Qxd5 Ne7 15. Qe4 b5 16. Nd4 Qg6 17. Qe3 a6 18. Be2 Nd5 19. Qd2 Be7 20. 0-0 Bh3 21. Bf3 Bg5 22. Qe1 Bxc1 23. Bxc1 Qd3 24. Ne2 Be6 25. Ng3 0-0 26. Ne4 Qd4 27. Nd6 Rcd8 28. Qe2 Nf4 29. Bxf4 Qxf4 30. Bb7 Bg4 31. f3 Bf5 32. Re1 Rxd6 33. exd6 Qxd6 34. Qe3 h6 35. Qc5 Qf6 36. a4 Rd8 1/2-1/2

[Event "UKR-ch sf"]
[Site "Alushta"]
[Date "2004.05.08"]
[Round "5"]
[White "Truskavetsky, Alexandr"]
[Black "Hermanov, Alexander"]
[Result "1/2-1/2"]
[WhiteElo "2406"]
[BlackElo "2273"]
[PlyCount "108"]
[EventDate "2004.05.04"]
[EventType "swiss"]
[EventRounds "9"]
[EventCountry "UKR"]
[SourceTitle "EXT 2005"]
[Source "ChessBase"]
[SourceDate "2004.11.15"]
[SourceVersion "1"]
[SourceVersionDate "2004.11.15"]
[SourceQuality "1"]

1. d4 e6 2. c4 f5 3. g3 Nf6 4. Bg2 c6 5. Nf3 d5 6. 0-0 Be7 7. b3 0-0 8. Ba3 Nbd7 9. Bxe7 Qxe7 10. Qc2 Ne4 11. Nbd2 b6 12. b4 Bb7 13. Rab1 a5 14. a3 axb4 15. axb4 Ra3 16. Rb3 Ra4 17. c5 Rfa8 18. Re1 Qd8 19. Rb2 Ra3 20. Nb3 bxc5 21. Na5 Qc7 22. Nxb7 Qxb7 23. bxc5 Qa6 24. e3 Qa5 25. Rc1 Rc3 26. Qb1 Qa3 27. Bf1 g5 28. Rcc2 Rxc2 29. Qxc2 g4 30. Ne1 Ng5 31. Rb7 Qa5 32. Nd3 Nf3+ 33. Kg2 Nf6 34. Qb1 Ne4 35. Be2 Qd2 36. Bxf3 gxf3+ 37. Kxf3 Ra2 38. Kf4 Nxf2 39. Nxf2 Qxf2+ 40. Ke5 Qxe3+ 41. Kd6 Rxh2 42. Re7 Qxg3+ 43. Kd7 Rh6 44. Kxc6 Rf6 45. Kd7 Rf7 46. Rxf7 Kxf7 47. c6 Qa3 48. c7 Qa4+ 49. Kd6 Qa6+ 50. Kc5 Ke7 51. Qb8 Qc4+ 52. Kb6 Qb4+ 53. Ka6 Qa4+ 54. Kb6 Qb4+ 1/2-1/2

[Event "Lvov"]
[Site "Lvov"]
[Date "2003.08.17"]
[Round "10"]
[White "Bondarets, Vadim"]
[Black "Hermanov, Alexander"]
[Result "0-1"]
[WhiteElo "2388"]
[BlackElo "2268"]
[PlyCount "56"]
[EventDate "2003.08.09"]
[EventType "tourn"]
[EventRounds "11"]
[EventCountry "UKR"]
[EventCategory "2"]
[SourceTitle "CBM 095 Extra"]
[Source "ChessBase"]
[SourceDate "2003.09.04"]
[SourceVersion "1"]
[SourceVersionDate "2003.09.04"]
[SourceQuality "1"]

1. d4 e6 2. Nf3 f5 3. c4 Nf6 4. g3 c6 5. Bg2 d5 6. b3 Bd6 7. 0-0 Qe7 8. Nbd2 0-0 9. Bb2 b6 10. Ne5 Bb7 11. Ndf3 a5 12. a4 c5 13. cxd5 exd5 14. Rc1 Na6 15. Qd3 Ne4 16. Rfd1 Nb4 17. Qb1 f4 18. Nd3 fxg3 19. hxg3 Nxg3 20. fxg3 Qe3+ 21. Nf2 Bxg3 22. Rf1 Ba6 23. Rc3 Qxe2 24. dxc5 d4 25. Ng5 Bxf2+ 26. Kh1 Bd3 27. Rxd3 Nxd3 28. Rxf2 Rxf2 0-1

[Event "Lvov"]
[Site "Lvov"]
[Date "2003.08.12"]
[Round "4"]
[White "Kravtsiv, Martyn"]
[Black "Hermanov, Alexander"]
[Result "1/2-1/2"]
[WhiteElo "2160"]
[BlackElo "2268"]
[PlyCount "81"]
[EventDate "2003.08.09"]
[EventType "tourn"]
[EventRounds "11"]
[EventCountry "UKR"]
[EventCategory "2"]
[SourceTitle "CBM 095 Extra"]
[Source "ChessBase"]
[SourceDate "2003.09.04"]
[SourceVersion "1"]
[SourceVersionDate "2003.09.04"]
[SourceQuality "1"]

1. e4 e6 2. d4 d5 3. Nc3 Bb4 4. e5 c5 5. a3 Bxc3+ 6. bxc3 Ne7 7. Nf3 b6 8. a4 Ba6 9. Bxa6 Nxa6 10. 0-0 Nb8 11. Ba3 cxd4 12. cxd4 Nbc6 13. Qd3 Na5 14. Nd2 Rc8 15. c3 Qd7 16. f4 Nc4 17. Nxc4 Rxc4 18. Bxe7 Qxe7 19. f5 exf5 20. Rxf5 0-0 21. a5 bxa5 22. Rxa5 Qc7 23. Ra3 Qb6 24. Rf3 a5 25. Rf1 a4 26. Qc2 Qc6 27. Qb2 Rc8 28. Rf3 h6 29. h3 Qa6 30. Kh2 Qc6 31. Rg3 Kf8 32. Rf3 Kg8 33. Rg3 Qa6 34. Rf3 Kf8 35. Qb1 Kg8 36. Qb2 Qc6 37. Rg3 Rc7 38. Qb8+ Rc8 39. Qa7 Rc7 40. Qb8+ Rc8 41. Qa7 1/2-1/2

[Event "Lvov"]
[Site "Lvov"]
[Date "2003.08.11"]
[Round "3"]
[White "Ustianovich, Nazar"]
[Black "Hermanov, Alexander"]
[Result "1/2-1/2"]
[WhiteElo "2261"]
[BlackElo "2268"]
[PlyCount "35"]
[EventDate "2003.08.09"]
[EventType "tourn"]
[EventRounds "11"]
[EventCountry "UKR"]
[EventCategory "2"]
[SourceTitle "CBM 095 Extra"]
[Source "ChessBase"]
[SourceDate "2003.09.04"]
[SourceVersion "1"]
[SourceVersionDate "2003.09.04"]
[SourceQuality "1"]

1. Nf3 e6 2. c4 f5 3. d4 Nf6 4. g3 c6 5. Bg2 d5 6. 0-0 Bd6 7. b3 Qe7 8. a4 a5 9. Ba3 b6 10. Qc1 Bb7 11. Bxd6 Qxd6 12. Na3 0-0 13. Nc2 Na6 14. Nce1 Nb4 15. Nd3 c5 16. Rd1 Rac8 17. Qb2 Ne4 18. Rac1 1/2-1/2

[Event "Lvov"]
[Site "Lvov"]
[Date "2003.08.09"]
[Round "1"]
[White "Oleksienko, Mikhailo"]
[Black "Hermanov, Alexander"]
[Result "1-0"]
[WhiteElo "2405"]
[BlackElo "2268"]
[PlyCount "65"]
[EventDate "2003.08.09"]
[EventType "tourn"]
[EventRounds "11"]
[EventCountry "UKR"]
[EventCategory "2"]
[SourceTitle "CBM 095 Extra"]
[Source "ChessBase"]
[SourceDate "2003.09.04"]
[SourceVersion "1"]
[SourceVersionDate "2003.09.04"]
[SourceQuality "1"]

1. e4 e6 2. d4 d5 3. Nd2 Nf6 4. e5 Nfd7 5. Bd3 c5 6. c3 b6 7. Nh3 Ba6 8. Bxa6 Nxa6 9. 0-0 b5 10. a4 b4 11. c4 Nc7 12. Nf4 dxc4 13. Nxc4 Nb6 14. Nxb6 axb6 15. Be3 Nd5 16. Qe2 Nxf4 17. Bxf4 Ra5 18. dxc5 Rxc5 19. Rfd1 Qc7 20. Qg4 h5 21. Qf3 Be7 22. Be3 Ra5 23. Rac1 Bc5 24. Bxc5 bxc5 25. Rd6 0-0 26. b3 g6 27. Qd3 Rc8 28. Rc4 Qe7 29. Rd7 Qg5 30. h4 Qxe5 31. Rd8+ Rxd8 32. Qxd8+ Kh7 33. Qxa5 1-0